|
|
|
|
| LEADER |
01080nam a22002777a 4500 |
| 001 |
36210 |
| 003 |
BD-DhAAL |
| 005 |
20211130143648.0 |
| 008 |
191924t1995 onca b 001 0 eng d |
| 999 |
|
|
|c 41672
|d 41672
|
| 020 |
|
|
|a 0205161863
|
| 020 |
|
|
|a 9780205161867
|
| 040 |
|
|
|a BD-DhAAL
|
| 082 |
|
|
|a 370.15
|2 20
|
| 100 |
|
|
|a Winzer, Margret,
|d 1940-
|9 36478
|
| 245 |
|
|
|a Educational psychology in the Canadian classroom /
|c Margret Winzer.
|
| 250 |
|
|
|a Second edition.
|
| 260 |
|
|
|a Scarborough, Ontario :
|b Allyn & Bacon Canada,
|c c1995.
|
| 300 |
|
|
|a xvii, 763 pages :
|b illustrations ;
|c 26 cm.
|
| 504 |
|
|
|a Includes bibliographical references and indexes.
|
| 526 |
|
|
|a BIED
|
| 541 |
|
|
|a Complimentary copy from BIED
|e 36210
|
| 650 |
|
|
|a Educational psychology.
|9 36479
|
| 852 |
|
|
|a Ayesha Abed Library
|b BIED Collection
|
| 942 |
|
|
|2 ddc
|c BK
|
| 952 |
|
|
|0 0
|1 0
|2 ddc
|4 0
|6 370_150000000000000_WIN
|7 0
|9 66916
|a BRACUL
|b BRACUL
|c GEN
|d 2019-10-24
|e Complimentary copy from BIED
|l 1
|m 2
|o 370.15 WIN
|p 3010036210
|r 2022-04-23
|s 2020-03-10
|t 1
|w 2019-10-24
|y BK
|x Transferred from BIED to General Stacks
|